Boys of Tommen Quiz - Statistics

General Stats
  • This quiz has been taken 1,322 times
  • The average score is 50 of 99
Answer Stats
Hint Answer % Correct
Kavanagh John Sr.
95%
Lynch Sean
95%
Biggs Claire
94%
Gibson Joe
94%
Lynch Shannon
94%
Biggs Hughie
93%
Kavanagh Johnny
92%
Feely Patrick
91%
Molloy Aoife
89%
Gibson Gerard
89%
Lynch Joey
89%
Lynch Marie
89%
Allen Mark
89%
Lynch Ollie
89%
Lynch Teddy
89%
Kavanagh Edel
87%
Lynch Tadgh
87%
Wilmot Katie
85%
Young Lizzie
85%
Wilkinson Bella
81%
Lynch Darren
77%
Book 1 in the series Binding 13
74%
Book 2 in the series Keeping 13
74%
Book 3 in the series Saving 6
74%
Molloy Tony
74%
Hughie's jersey number 10
71%
Johnny's jersey number 13
71%
Book 4 in the series Redeeming 6
71%
Book 5 in the series Taming 7
71%
Joey's jersey number 6
70%
Gibsie's jersey number 7
70%
Molloy Kevin
69%
Feely's jersey number 12
68%
Book 6 in the series (not released) Releasing 10
68%
Sport Johnny, Gibsie, Feely,Hughie, and the other Tommen boys play Rugby
68%
Rice Paul
63%
Kelly Podge
60%
Lordan Casey
59%
Sport Joey and the other BCS boysplay Hurling
59%
O'Neill Pierce
58%
Shannon and Johnny's song (by Maroon 5) She Will Be Loved
58%
Gibson Bethany
57%
Young Caoimhe
56%
Shannon's full name Shannon Maud Lynch
55%
Book 11 in the series (not released) Adoring 13
52%
Dempsey Alec
52%
Book 7 in the series (not released) Claiming 10
52%
Allen Keith
51%
John Sr.'s (former) jersey number 15
49%
Gibsie's full name Gerard Joseph Gibson
49%
McGarry Ronan
49%
Allen (Gibson) Sadhbh
49%
Biggs Sadhbh
49%
Private secondary school Johnny,Gibsie, Feely, Hughie, Katie, Shannon, Claire, and Lizzie (later Joey and Aoife) go to Tommen College
49%
Aoife's full name Aoife Christina Molloy
45%
Book 8 in the series (not released) Healing 7
44%
Public secondary school Darren, Caoimhe,Podge, Alec, Casey (and formerly Shannon, Joey, and Aoife) went to (Full school name) Ballylaggin Community School(BCS)
43%
Lizzie's full name Elizabeth Ophelia Young
42%
Book 9 in the series (not released) Feeling 12
42%
Molloy Trish
42%
Lynch AJ
41%
Murphy Anthony
39%
Joey's full name Joseph Lynch
39%
Hughie's full name Hugh Andrew Biggs
38%
Ollie's full name Oliver Lynch
35%
Joey and Aoife's song (by JAY-Z and Beyonce) '03 Bonnie & Clyde
34%
Biggs Peter
34%
Tadgh's full name Tadgh Anthony Lynch
33%
Johnny's full name Jonathan Robert Kavanagh Jr.
32%
John Sr.'s full name Jonathan Robert Kavanagh Sr.
32%
Book 12 in the series (not released) Runaway 15
31%
Murphy Nanny
30%
Maloney Ciara
29%
Long Danielle
28%
Bella's full name Isabella Wilkinson
24%
Book 10 in the series (not released) Trusting 12
23%
Joey's birthday (month, day/number, year) December 25, 1986
21%
Maloney Mike
21%
Shannon's birthday (month, day/number, year) March 13, 1989
19%
Teddy's full name Theodor Lynch
19%
Katie's full name Kathryn Aideen Horgan-Wilmot
18%
Johnny's birthday (month, day/number, year) May 31, 1987
17%
Hughie's birthday (month, day/number, year) October 31, 1987
17%
Rice Billy
14%
Rice Jerry
13%
Sean's birthday (month, day/number, year) October 31, 2001
13%
Mixed (boys & girls) primary school Darren,Joey, Shannon, Claire, Lizzie, Caoimhe, Podge, and Alec went to (also where Tadhg and Ollie attend) Sacred Heart Primary School
13%
Aoife's birthday (month, day/number, year) September 18, 1986
13%
Podge's full name Padraig Kelly
11%
McGuinness Samantha
11%
Claire's birthday (month, day/number, year) August 7, 1989
10%
Gibsie's birthday (month, day/number, year) February 19, 1988
10%
O'Driscoll Jason
10%
Lizzie's birthday (month, day/number, year) June 9, 1989
10%
All-boys primary school Johnny, Gibsie,Feely, Hughie, and Kevin went to (__ __ Primary School) Scoil Eoin Primary School
9%
Tony Molloy's full name Anthony Murphy
8%
Ryan Corman
6%
Feely's birthday (month, year) July 1987
6%
Katie's birthday (month, day/number, year) September 6, 1988
6%
No matching quizzes found
Score Distribution
Percent of People with Each Score
Percentile by Number Answered
Your Score History
You have not taken this quiz